Manuskrip Islam dunia Melayu ditinjau dari pelbagai peringkat

Bibliographic Details
Main Author: Wan Mohd. Shaghir Abdullah Haji , 1945-2007 (Author)
Corporate Author: Forum Ilmiah (1995 : Universiti Malaya)
Format: Conference Proceeding Book
Language:Malay
Published: Kuala Lumpur : Jabatan Pengajian Melayu Universiti Malaya , 1995
Subjects:

MARC

LEADER 00000cam a2200000 7i4500
001 0000066035
005 20200220093000.0
008 100511s1995 my may
090 0 0 |a DS595.2   |b .W356 1995 
100 0 |a Wan Mohd. Shaghir Abdullah   |c Haji ,   |d 1945-2007 ,   |e author 
245 0 0 |a Manuskrip Islam dunia Melayu ditinjau dari pelbagai peringkat   |c Hj. Wan Mohd. Shaghir Abdullah 
260 |a Kuala Lumpur :   |b Jabatan Pengajian Melayu Universiti Malaya ,   |c 1995 
300 |a 18 p. :   |b ill ;   |c 30 cm. 
650 0 |a Civilization, Islamic   |x Bibliography 
650 0 |a Manuscripts, Islamic countries 
650 0 |a Manuscripts, Islamic   |z Asia, Southeastern 
650 0 |a Manuscripts, Malay 
711 1 |a Forum Ilmiah   |b (1995 : Universiti Malaya) 
999 |a 1000131110   |b Seminar Papers   |c Reference   |e Gong Badak Campus